World Leaders: Multiple Choice V Quiz Stats

Quiz Updated Oct 24, 2017

Challenge
Share
Tweet
Embed
Score 0/20 Timer 04:00
0 Plays Today
Question Answer Wrong Answers
Rajiv Gandhi India
98.9%
Zimbabwe
0.4%
Austria
0.2%
Guatemala
0.2%
Tony Blair United Kingdom
95.3%
United States
0.9%
Ireland
0.7%
Canada
1.7%
Mehmed II Ottoman Empire
91.9%
Italy
0.3%
India
2.7%
South Africa
1.8%
Ferdinand II Spain
90%
Mexico
3%
Dominica
1.2%
Venezuela
1.8%
Helmut Kohl Germany
88.7%
Norway
4.7%
Turkey
4.2%
Egypt
2.3%
Mohammad Reza Pahlavi Iran
88.1%
Nigeria
4.9%
Vietnam
1%
Serbia
2.3%
Tiberius Roman Empire
86.4%
Vatican City
2.9%
Scotland
0.9%
Macedonia
4.8%
Ivan IV Russia
86.3%
Germany
0.4%
Finland
1.1%
Austria-Hungary
8.4%
Rutherford B. Hayes United States
82.8%
United Kingdom
3%
Australia
6.4%
New Zealand
7%
Liliʻuokalani Hawaii
78.9%
Qatar
1.6%
Aztec Empire
11.7%
Madagascar
3.5%
Lê Đức Anh Vietnam
78.3%
India
0.4%
Indonesia
13.1%
South Korea
5.3%
Joop den Uyl Netherlands
75.5%
Ireland
9.4%
Spain
0.6%
Sweden
10.5%
Bertie Ahern Ireland
75.3%
Tajikistan
4.6%
Morocco
6.8%
Vanuatu
9.1%
Charles V Holy Roman Empire
64.2%
Ireland
4.7%
Wales
24.5%
Belize
1.5%
Sukarno Indonesia
58.8%
Korea
9%
Mongolian Empire
14.3%
Sri Lanka
13.5%
Han Wudi China
54.4%
Japan
13.5%
Kazakhstan
15.6%
Yemen
13%
Guadalupe Victoria Mexico
51.6%
Brazil
23.6%
Spain
16.1%
Cuba
7.8%
Paul Biya Cameroon
45.8%
New Zealand
36.6%
Ecuador
6.4%
Armenia
6.1%
René Préval Haiti
41.3%
France
40.2%
Mozambique
10.2%
Tonga
3.2%
Baudouin Belgium
29.6%
Libya
40.3%
Japan
3.4%
Solomon Islands
22%

You're not logged in!

Compare scores with friends on all Sporcle quizzes.
Sign Up with Email
OR
Log In

You Might Also Like...

Show Comments

Extras

Top Quizzes Today


Score Distribution

Your Account Isn't Verified!

In order to create a playlist on Sporcle, you need to verify the email address you used during registration. Go to your Sporcle Settings to finish the process.